Sens et non-sens de la peine (notice n° 2222476)

détails MARC
000 -LEADER
fixed length control field 02024cam a2200169 4500500
005 - DATE AND TIME OF LATEST TRANSACTION
control field 20260426010519.0
041 ## - LANGUAGE CODE
Language code of text/sound track or separate title fre
042 ## - AUTHENTICATION CODE
Authentication code dc
100 10 - MAIN ENTRY--PERSONAL NAME
Personal name Abel, Olivier
Relator term author
245 00 - TITLE STATEMENT
Title Sens et non-sens de la peine
260 ## - PUBLICATION, DISTRIBUTION, ETC.
Date of publication, distribution, etc. 2005.<br/>
500 ## - GENERAL NOTE
General note 59
520 ## - SUMMARY, ETC.
Summary, etc. Les manières de punir sont des « concentrés » de culture, parfois archaïques, à manipuler avec une grande prudence critique, la peine étant toujours vécue comme une absurdité. Si l’on ne fait que punir, sans se sentir tenu par l’obligation de rendre acceptable le sens de la peine, le déni de responsabilité se généralise. À partir de ce constat, Olivier Abel* suggère que la peine prend du temps, comme s’il y avait un travail de la peine, du côté de la victime, qui attend réparation ; du côté du détenu aussi, le travail de la peine peut produire un sens qui n’est pas donné au départ, manière pour lui de se réinterpréter lui-même, à condition toutefois que ce temps fasse une différence.
520 ## - SUMMARY, ETC.
Summary, etc. The different ways of punishment are nothing but “concentrates” of culture – archaic sometimes – that must be used very carefully and with high critical concern because a sentence is always felt as nonsensical. If judges sentence people without feeling mandatory to explain the sentence so that it can be accepted, the denial of responsibility comes into general use. Acknowledging this as a starting point of his reflection, Olivier Abel suggests that the sentence itself “takes time” as though some work had to be accomplished on the side of the victim waiting for the offence to be made up for as well as on the side of the prisoner trying to make sense of it and leading him to some new interpretation of his self, provided that this time makes a difference.
786 0# - DATA SOURCE ENTRY
Note Études théologiques et religieuses | 80 | 2 | 2005-06-01 | p. 177-187 | 0014-2239
856 41 - ELECTRONIC LOCATION AND ACCESS
Uniform Resource Identifier <a href="https://shs.cairn.info/revue-etudes-theologiques-et-religieuses-2005-2-page-177?lang=fr&redirect-ssocas=7080">https://shs.cairn.info/revue-etudes-theologiques-et-religieuses-2005-2-page-177?lang=fr&redirect-ssocas=7080</a>

Pas d'exemplaire disponible.

PLUDOC

PLUDOC est la plateforme unique et centralisée de gestion des bibliothèques physiques et numériques de Guinée administré par le CEDUST. Elle est la plus grande base de données de ressources documentaires pour les Étudiants, Enseignants chercheurs et Chercheurs de Guinée.

Adresse

627 919 101/664 919 101

25 boulevard du commerce
Kaloum, Conakry, Guinée

Réseaux sociaux

Powered by Netsen Group @ 2025